La construcción en el proyecto del paisaje

Salvato in:
Dettagli Bibliografici
Autori principali: Holden, Robert (Autore), Liversedge, Jamie (Autore)
Natura: Libro
Lingua:spagnolo
Pubblicazione: Barcelona Gustavo Gili 2011
Edizione:1a. ed
Soggetti:
Tags: Aggiungi Tag
Nessun Tag, puoi essere il primo ad aggiungerne!!

MARC

LEADER 00000cam a2200000 a 4500
001 UCD2025
003 CL-VaPUC
008 160407e20110000sp |||||||||||||||||spa|d
020 |a 9788425223907 
082 0 4 |a 712.3  |b HOL  |2 21 
100 0 |a Holden, Robert  |e author  |9 585265 
700 0 |a Liversedge, Jamie  |e author  |9 585266 
245 1 3 |a La construcción en el proyecto del paisaje 
250 |a 1a. ed 
300 |a 240 p 
942 |c BK 
945 |d 20160407 22:06:00  |a arojas 
260 |a Barcelona  |b Gustavo Gili  |c 2011 
650 0 |a Paisajismo  |9 269021 
650 0 |a Construcción  |9 260195 
650 7 |a DISEÑO PAISAJISTICO  |2 CL-VaPUC  |9 463269 
583 |a last modification  |c 20160407 22:06:00  |k Rodrigo Vera 
999 |c 363231  |d 363229 
952 |0 0  |1 0  |3 erb  |4 0  |6 712_300000000000000_HOL_2011  |7 0  |8 A  |9 475117  |a BIBARQ  |b BIBARQ  |i 5280885  |l 3  |o 712.3 HOL 2011  |p 5280885  |r 2025-01-20  |s 2024-09-04  |w 2019-11-24  |y BK  |z Catalogado en:20160407  |k ARQ